Capitali mondiali più vicine a Vienna - Statistics

Statistiche generali
  • Questo quiz è stato fatto 165 volte
  • Il punteggio medio è 16 su 20
Statistiche sulle risposte
km capitale % Corretto
524 Berlino
99%
766 Roma
99%
684 Berna
96%
215 Budapest
92%
251 Praga
91%
56 Bratislava
88%
268 Zagabria
88%
278 Lubiana
87%
564 San Marino
86%
557 Varsavia
86%
527 Vaduz
85%
509 Sarajevo
84%
490 Belgrado
81%
766 Città del Vaticano
76%
820 Sofia
71%
813 Tirana
68%
681 Podgorica
66%
797 Skopje
66%
722 Pristina
62%
764 Lussemburgo
56%
Nessun quiz corrispondente trovato
Distribuzione punteggi
Percentuale di utenti per punteggio
Percentile per numero di risposta
I tuoi punteggi nel tempo
Non hai fatto questo quiz